Facultad de Derecho – Universidad Nacional de Mar del Plata

Los derechos humanos de la tercera generacion (Record no. 823)

MARC details
000 -LEADER
fixed length control field 00664cam a22002417a 4500
001 - CONTROL NUMBER
control field 000832
003 - CONTROL NUMBER IDENTIFIER
control field armpunfd
005 - DATE AND TIME OF LATEST TRANSACTION
control field 20140612090622.0
008 - FIXED-LENGTH DATA ELEMENTS--GENERAL INFORMATION
fixed length control field 030313e1997####xx#a##########000#0#und#d
040 ## - CATALOGING SOURCE
Original cataloging agency armpunfd
Transcribing agency armpunfd
080 ## - UNIVERSAL DECIMAL CLASSIFICATION NUMBER
Universal Decimal Classification number 342.7 J 564
100 10 - MAIN ENTRY--PERSONAL NAME
Personal name Jimenez, Eduardo Pablo
245 10 - TITLE STATEMENT
Title Los derechos humanos de la tercera generacion
260 ## - PUBLICATION, DISTRIBUTION, ETC. (IMPRINT)
Place of publication, distribution, etc Buenos Aires
Name of publisher, distributor, etc Ediar
Date of publication, distribution, etc 1997
300 ## - PHYSICAL DESCRIPTION
Extent 285p.
650 #7 - SUBJECT ADDED ENTRY--TOPICAL TERM
Topical term or geographic name as entry element Amparo
Source of heading or term LEMB
650 #7 - SUBJECT ADDED ENTRY--TOPICAL TERM
Topical term or geographic name as entry element Derecho Del Consumidor
Source of heading or term LEMB
650 #7 - SUBJECT ADDED ENTRY--TOPICAL TERM
Topical term or geographic name as entry element Derechos Humanos
Source of heading or term LEMB
650 #7 - SUBJECT ADDED ENTRY--TOPICAL TERM
Topical term or geographic name as entry element Medio Ambiente
Source of heading or term LEMB
942 ## - ADDED ENTRY ELEMENTS (KOHA)
Koha item type LIBRO
Source of classification or shelving scheme
945 ## - LOCAL PROCESSING INFORMATION (OCLC)
a Catalis
d 2010-08-19
945 ## - LOCAL PROCESSING INFORMATION (OCLC)
a Catalis
d 2010-08-19
Holdings
Withdrawn status Lost status Source of classification or shelving scheme Damaged status Not for loan Home library Current library Shelving location Date acquired Total Checkouts Full call number Barcode Date last seen Price effective from Koha item type Date checked out
          Bib. Derecho Bib. Derecho Sector Prestamo 12/06/2014   342.7 J 564 200264 12/06/2014 12/06/2014 LIBRO  
          Bib. Derecho Bib. Derecho Sala de Lectura 12/06/2014 3 342.7 J 564 200878 26/02/2019 12/06/2014 LIBRO (Consulta) 27/12/2018

XHTML | CSS | ©Biblioteca Central - Dto. Tecnología de la Información - [ Con tecnología Koha ]